| Поле | Название | Значение |
| |
Тип записи |
a |
| |
Библиографический уровень |
c |
| 001 |
Контрольный номер |
RU/SLIB/B/208790641 |
| 005 |
Дата корректировки |
20201206204418.1 |
| 010 |
Индекс ISBN |
__ |
| a |
ISBN |
5-699-13301-1 |
| d |
Цена |
121-00 |
| 101 |
Язык документа |
__ |
| a |
Язык текста |
rus |
| c |
Язык оригинала |
rus |
| 200 |
Заглавие и сведения об ответственности |
0_ |
| a |
Заглавие |
Смешная книга |
| f |
Первые сведения об ответственности |
Лион Измайлов |
| b |
Общее обозначение материала |
Текст |
| 210 |
Выходные данные |
__ |
| a |
Место издания |
М. |
| c |
Издательство |
ЭКСМО |
| d |
Дата издания |
2005 |
| 215 |
Физическое описание |
__ |
| a |
Объем |
412, [2] с. |
| 327 |
Примечание о содержании |
__ |
| a |
Примечание о содержании |
Об остроумии |
| 330 |
Аннотация |
__ |
| a |
Аннотация |
Не знаю, как вы, а я людей с кислыми рожами видеть не могу. Я, как увижу кислую рожу, расшибусь, а эту рожу рассмешу. Ну очень смешные рассказы!!! |
| 606 |
Тематические рубрики |
__ |
| a |
Основная рубрика |
Художественная литература |
| z |
Хронологическая подрубрика |
21 в. |
| y |
Географическая подрубрика |
Россия |
| 606 |
Тематические рубрики |
__ |
| a |
Основная рубрика |
Современная русская литература (произведения) |
| 610 |
Ключевые слова |
__ |
| a |
Ключевые слова |
юмор; юмористическая литература; юмористические рассказы; сатира; сатирическая литература; сатирические рассказы |
| 686 |
Индексы других классификаций |
__ |
| a |
Классификационный индекс |
84(2Рос=Рус)6-7 |
| 700 |
Автор |
_1 |
| a |
Фамилия |
Измайлов |
| b |
Имя |
Л. М. |
| g |
Полное личное имя |
Лион Моисеевич |
| 4 |
Код отношения |
070 |
| 801 |
Источник записи |
_0 |
| a |
Страна |
RU |
| b |
Организация |
Муниципальное бюджетное учреждение культуры "Централизованная библиотечная система" г. Сургут (Центральная городская библиотека им. А. С. Пушкина) |
| g |
Правила каталогизации |
КиК/Поспелова |
| 801 |
Источник записи |
_1 |
| a |
Страна |
RU |
| b |
Организация |
Муниципальное бюджетное учреждение культуры "Централизованная библиотечная система" г. Сургут (Центральная городская библиотека им. А. С. Пушкина) |
| g |
Правила каталогизации |
КиК/Поспелова |
| 852 |
Данные о местонахождении |
__ |
| j |
Шифр хранения |
84(2Рос=Рус)6-7 |
| c |
Каталожный индекс |
84(2Рос=Рус)6-7 |
| i |
Авторский знак |
И 37 |
| 901 |
Тип документа |
__ |
| t |
Тип документа |
x |
| 903 |
Характеристики (МАРС) |
__ |
| a |
Дата передачи |
20060628 |
| 969 |
Тип издания |
__ |
| a |
Тип издания |
сборник |
| 990 |
Данные о заказе (DOS) |
__ |
| j |
Количество экземпляров (DOS) |
1 |
| t |
N записи в КСУ для И/У (DOS) |
200607 |